000 00223nam a2200109Ia 4500
999 _c6848
_d6848
020 _a9788120309814
100 _aStoner, Freeman
245 0 _aManagement
260 _aNew Delhi
_bPearson
_c1995
300 _a630
942 _cBK